[Event "Challenge"]
[Site "http://www.queenalice.com/game.php?id=247850"]
[Date "2007.7.29"]
[Round "-"]
[White "Lakme47"]
[Black "hardbreaker"]
[Result "0-1"]
[WhiteElo "1288"]
[BlackElo "1930"]

1. e4 d5 2. e5 e6 3. Nf3 c5 4. d4 cxd4 5. Qxd4 Nc6 6. Qf4 Qb6 7. Ng5 f6 8. exf6
Nxf6 9. Be3 Qxb2 10. Qc7 Qxa1 11. Qf7+ Kd8 12. Nxe6+ Bxe6 13. Qxe6 Qxb1+ 14. Ke2
Qxc2+ 15. Bd2 Nd4+ 16. Ke3 Nxe6 17. Bd3 Qc5+ 18. Ke2 Nf4+ 19. Bxf4 Bd6 20. Bxd6
Qxd6 21. Rc1 Re8+ 22. Kd2 Rc8 23. Rxc8+ Kxc8 24. Bf5+ Kd8 25. h3 Qf4+ 26. Kc3
Qxf5 27. Kb4 Qc2 28. a4 Qc4+ 29. Ka5 Re6 30. g4 Ra6# 0-1

[Event "Challenge"]
[Site "http://www.queenalice.com/game.php?id=258009"]
[Date "2007.8.19"]
[Round "-"]
[White "hardbreaker"]
[Black "hk1960"]
[Result "1-0"]
[WhiteElo "1930"]
[BlackElo "968"]

1. e4 e5 2. Nf3 Nc6 3. Bc4 Nb4 4. Nxe5 Nf6 5. Nxf7 Qe7 6. d3 d6 7. Nxh8 Qe5 8.
Bd2 Be6 9. Bxb4 Ng4 10. Bxe6 Qxe6 11. Nd2 O-O-O 12. Qe2 Qe5 13. Qxg4+ Kb8 14.
Bc3 Qc5 15. O-O Qb5 16. Nf7 Re8 17. Rfe1 Be7 18. e5 d5 19. e6 Qc6 20. Re5 Qb6
21. Rxd5 Qc6 22. Rd7 Rc8 23. Rxe7 Qa4 24. Qxa4 h5 25. Bd4 h4 26. Qxa7# 1-0

[Event "Challenge"]
[Site "http://www.queenalice.com/game.php?id=259200"]
[Date "2007.8.21"]
[Round "-"]
[White "hardbreaker"]
[Black "Meckerkopp"]
[Result "1/2-1/2"]
[WhiteElo "1948"]
[BlackElo "1898"]

1. e4 e5 2. Nf3 Nc6 3. Nc3 Bb4 4. Nd5 Nf6 5. Bd3 Nxd5 6. exd5 Ne7 7. Bc4 d6 8.
O-O Bg4 9. h3 Bh5 10. b3 e4 11. g4 Bg6 12. Nh4 Nxd5 13. Bxd5 Qxh4 14. Kh2 c6 15.
Bc4 d5 16. Be2 Bd6+ 17. f4 f5 18. d4 O-O 19. c4 fxg4 20. Bxg4 Bf5 21. Bxf5 Rxf5
22. Qg4 Qf6 23. Be3 h5 24. Qg3 g5 25. h4 g4 26. Qf2 Kh7 27. Kg3 Rg8 28. Rae1 b6
29. Bc1 c5 30. cxd5 1/2-1/2

[Event "Challenge"]
[Site "http://www.queenalice.com/game.php?id=260839"]
[Date "2007.8.24"]
[Round "-"]
[White "TheWatcher"]
[Black "hardbreaker"]
[Result "0-1"]
[WhiteElo "1100"]
[BlackElo "1930"]

1. e4 g6 2. Nf3 Bg7 3. d4 Nf6 4. e5 Ng4 5. h3 Nh6 6. Nc3 d6 7. Bd3 dxe5 8. dxe5
Nc6 9. O-O Nf5 10. Bf4 Nfd4 11. Re1 O-O 12. Ne4 Nxf3+ 13. Qxf3 Nxe5 14. Qg3 Nxd3
15. Bxc7 Qd4 16. cxd3 Qxb2 17. Rad1 Qxa2 18. d4 a5 19. Bb6 a4 20. Nc3 Qc2 21.
Rxe7 a3 22. Re2 Qb3 23. Bc5 Rd8 24. Rb1 Qc4 25. Rb4 Qxe2 0-1

[Event "Challenge"]
[Site "http://www.queenalice.com/game.php?id=266654"]
[Date "2007.9.4"]
[Round "-"]
[White "hardbreaker"]
[Black "TheWatcher"]
[Result "1-0"]
[WhiteElo "1930"]
[BlackElo "1100"]

1. e4 c5 2. Nf3 d6 3. Nc3 a6 4. Bc4 e6 5. d4 cxd4 6. Nxd4 Nc6 7. Be3 Nf6 8. O-O
Be7 9. Nxc6 bxc6 10. Qd3 O-O 11. Bb3 1-0

[Event "Challenge"]
[Site "http://www.queenalice.com/game.php?id=268420"]
[Date "2007.9.7"]
[Round "-"]
[White "hardbreaker"]
[Black "Ribar"]
[Result "1-0"]
[WhiteElo "1930"]
[BlackElo "1932"]

1. Nf3 Nf6 2. d4 g6 3. Nc3 Bg7 4. e4 d6 5. Bc4 O-O 6. Bg5 c5 7. dxc5 Qa5 8. Bxf6
Bxf6 9. cxd6 Bxc3+ 10. bxc3 Qxc3+ 11. Nd2 exd6 12. O-O Nc6 13. Re1 Be6 14. Re3
Qf6 15. Rb1 Rab8 16. Bd5 Bxd5 17. exd5 Ne5 18. Ne4 Qd8 19. Qe2 f5 20. Nxd6 Qxd6
21. Rxe5 b6 22. c4 Rbc8 23. Re1 Rf7 24. Re8+ Rxe8 25. Qxe8+ Kg7 26. g3 f4 27.
Qe6 Qb4 28. Qe4 fxg3 29. hxg3 Qc5 30. Re3 b5 31. Qe5+ Kg8 32. Qb8+ Kg7 33. Qxb5
Qd4 34. Qb3 Kh6 35. Qc3 Qd1+ 36. Re1 Qg4 37. Kg2 Qf5 38. Rh1+ 1-0

[Event "Challenge"]
[Site "http://www.queenalice.com/game.php?id=269684"]
[Date "2007.9.10"]
[Round "-"]
[White "hk1960"]
[Black "hardbreaker"]
[Result "0-1"]
[WhiteElo "965"]
[BlackElo "1946"]

1. Nf3 b6 2. Na3 Bb7 3. Ne5 d6 4. Ng4 e6 5. d4 Be7 6. e4 Nf6 7. Ne3 Nxe4 8. f3
Nf6 9. Nac4 Nc6 10. Bd3 Nxd4 11. f4 O-O 12. c3 Nf5 13. Nf1 Bxg2 14. Rg1 Bc6 15.
Qe2 Nd5 16. Bd2 b5 17. O-O-O bxc4 18. Bxc4 Qc8 19. b4 Qb7 20. Kc2 a5 21. Rb1
axb4 22. cxb4 Nd4+ 23. Kd1 Nxe2 24. Kxe2 Nxf4+ 25. Bxf4 Rxa2+ 26. Bxa2 Ra8 27.
Ne3 Rxa2+ 28. Ke1 Be4 29. Nd1 Bxb1 30. Bd2 d5 31. Nc3 Ra1 32. Nd1 Bxb4 33. h4
Bxd2+ 34. Kxd2 Qb4+ 35. Kc1 Ra2 0-1

[Event "Let's Play Chess!"]
[Site "http://www.queenalice.com/game.php?id=282136"]
[Date "2007.10.6"]
[Round "-"]
[White "nathanielz"]
[Black "hardbreaker"]
[Result "0-1"]
[WhiteElo "1527"]
[BlackElo "1946"]

1. e4 e5 2. Nf3 d6 3. d4 Nf6 4. Nc3 Nbd7 5. Bc4 exd4 6. Nxd4 Be7 7. O-O O-O 8.
Nf5 Nb6 9. Bb3 Nxe4 10. Qg4 Bxf5 11. Qxf5 Nxc3 12. bxc3 Bf6 13. Bd2 Qd7 14. Qf3
c5 15. Rfe1 c4 16. Re4 d5 17. Rg4 cxb3 18. Qxf6 Qxg4 19. Qd4 Qxd4 20. cxd4 bxc2
0-1

[Event "Challenge"]
[Site "http://www.queenalice.com/game.php?id=287771"]
[Date "2007.10.16"]
[Round "-"]
[White "hardbreaker"]
[Black "hk1960"]
[Result "1-0"]
[WhiteElo "1946"]
[BlackElo "1007"]

1. e4 e5 2. Nf3 Qf6 3. d4 exd4 4. Nxd4 Bc5 5. Be3 Ne7 6. Nc3 Bb4 7. Qd2 d6 8.
Bd3 Ba5 9. O-O Bg4 10. a3 Nd7 11. b4 Nb6 12. bxa5 d5 13. axb6 axb6 14. Nxd5 Nxd5
15. exd5 Rd8 16. f3 Bd7 17. Bg5 Qxd4+ 18. Kh1 f6 19. Bf4 Qxd5 20. Bxc7 Qc6 21.
Bxd8 g5 22. Be4 Qb5 23. Bxf6 Rf8 24. Rfd1 Rxf6 25. Rab1 Qe5 26. Qxd7+ Kf8 27.
Qd8+ Kf7 28. Rd7+ Ke6 29. Qe7# 1-0

[Event "Let's Play Chess!"]
[Site "http://www.queenalice.com/game.php?id=292446"]
[Date "2007.10.24"]
[Round "-"]
[White "hardbreaker"]
[Black "Abstro"]
[Result "0-1"]
[WhiteElo "1966"]
[BlackElo "1770"]

1. e4 e5 2. f4 exf4 3. Nf3 Qe7 4. Nc3 Nc6 5. d3 d6 6. Bxf4 Nf6 7. Be2 Ng4 8. d4
g6 9. Nd5 Qd8 10. Ng5 Nf6 11. Bc4 Nxd5 12. Bxd5 Be6 13. Bxe6 fxe6 14. Nxe6 Qe7
15. d5 Nd8 16. O-O Nxe6 17. dxe6 Qxe6 18. Qd4 Rg8 19. Rfe1 b6 20. Re3 O-O-O 21.
a4 d5 22. Qc3 Bc5 23. exd5 Rxd5 24. b4 Bxe3+ 25. Bxe3 Rgd8 26. h3 Qe5 27. Qxe5
Rxe5 28. Kf2 Rf8+ 29. Ke2 Kb7 30. Rd1 c5 31. bxc5 bxc5 32. Rd3 Rfe8 33. Kf3 h5
34. Bf4 Rf8 35. Rd6 g5 36. Rd7+ Kb6 0-1

[Event "Challenge"]
[Site "http://www.queenalice.com/game.php?id=296287"]
[Date "2007.11.1"]
[Round "-"]
[White "Arthur0007"]
[Black "hardbreaker"]
[Result "1-0"]
[WhiteElo "1615"]
[BlackElo "1925"]

1. e4 e5 2. Nf3 Nc6 3. Bb5 d5 4. Bxc6+ bxc6 5. Nxe5 dxe4 6. d4 c5 7. c3 Nf6 8.
O-O Bd6 9. f4 O-O 10. Be3 Ng4 11. Nxg4 Qe7 12. b3 Qd7 13. Ne5 Qe7 14. Kh1 f6 15.
Nc4 Be6 16. Nxd6 cxd6 17. d5 Bf5 18. c4 Rfe8 19. Nc3 Bc8 20. f5 g6 21. g4 Bd7
22. Rf2 Qe5 23. Qd2 gxf5 24. gxf5 Bxf5 25. Rg1+ Bg6 26. Ne2 Kh8 27. Nf4 Bf7 28.
Rfg2 Rg8 29. Rxg8+ Rxg8 30. Rxg8+ Kxg8 31. Qe2 f5 32. Qg2+ Kf8 33. Ne6+ Bxe6 34.
Bh6+ Ke7 35. dxe6 Qa1+ 36. Qg1 Qxg1+ 37. Kxg1 Kxe6 38. Kf2 a6 39. Ke3 Ke5 40.
Bg7+ Ke6 41. Kf4 d5 42. cxd5+ Kxd5 43. Kxf5 e3 44. Kf4 e2 45. Bc3 h6 46. Ke3
e1=Q+ 47. Bxe1 c4 48. b4 Ke5 49. Bc3+ Kd5 50. Bg7 h5 51. h3 Kc6 52. a4 Kd5 53.
Bf6 1-0

[Event "Challenge"]
[Site "http://www.queenalice.com/game.php?id=296288"]
[Date "2007.11.1"]
[Round "-"]
[White "hardbreaker"]
[Black "enzoiazo"]
[Result "1-0"]
[WhiteElo "1948"]
[BlackElo "1990"]

1. e4 e5 2. Nf3 d6 3. d4 exd4 4. Nxd4 g6 5. Bc4 Bg7 6. O-O Nc6 7. Be3 Nf6 8. Nc3
O-O 9. Nxc6 bxc6 10. Re1 a5 11. Bg5 h6 12. Bh4 g5 13. Bg3 Ba6 14. Bxa6 Rxa6 15.
e5 dxe5 16. Bxe5 Qb8 17. Qe2 Ra8 18. Qf3 Ne8 19. Qxc6 Bxe5 20. Rxe5 Qxb2 21. Rb1
Qxc2 22. Qxa8 Nd6 23. Qc6 1-0

[Event "Auf ein Neues-Nie aufgeben! :o)"]
[Site "http://www.queenalice.com/game.php?id=299614"]
[Date "2007.11.7"]
[Round "-"]
[White "hk1960"]
[Black "hardbreaker"]
[Result "0-1"]
[WhiteElo "973"]
[BlackElo "1942"]

1. e4 f6 2. Qh5+ g6 3. Qg4 d6 4. Qf4 Nc6 5. Bc4 Bh6 6. Qh4 Bg5 7. Qg3 Nd4 8. c3
Nc2+ 9. Kd1 Nxa1 10. Na3 Qd7 11. Ne2 Nh6 12. b4 Qa4+ 13. Ke1 Nc2+ 14. Kf1 Nxa3
15. Nd4 Qd1# 0-1

[Event "** Chess Attack! ** 	"]
[Site "http://www.queenalice.com/game.php?id=301216"]
[Date "2007.11.10"]
[Round "-"]
[White "hardbreaker"]
[Black "Pretender"]
[Result "0-1"]
[WhiteElo "1944"]
[BlackElo "1867"]

1. e4 c5 2. Bb5 a6 3. Bc4 b5 4. Bd5 Ra7 5. Nf3 e6 6. Bb3 c4 7. Bxc4 bxc4 8. d3
cxd3 9. cxd3 Nf6 10. O-O Rb7 11. e5 Nd5 12. Nc3 Be7 13. Nxd5 exd5 14. Re1 O-O
15. d4 Nc6 16. Qd3 Re8 17. Bg5 Bxg5 0-1

[Event "Challenge"]
[Site "http://www.queenalice.com/game.php?id=306866"]
[Date "2007.11.19"]
[Round "-"]
[White "hardbreaker"]
[Black "hk1960"]
[Result "1-0"]
[WhiteElo "1932"]
[BlackElo "1056"]

1. e4 Nf6 2. Nc3 e5 3. d4 exd4 4. Nd5 Nxe4 5. Qxd4 Ng5 6. Qe5+ Ne6 7. Nxc7+ Ke7
8. Nxa8 Nc6 9. Qe3 d5 10. Bb5 Kd7 11. Bxc6+ Kxc6 12. Qxa7 Kd6 13. Nb6 Be7 14.
Be3 h5 15. c4 Bf6 16. Rb1 Ke7 17. Nf3 Kf8 18. Qb8 Be7 19. Nxc8 Qa5+ 20. Nd2 Qxa2
21. O-O Qa6 22. cxd5 Nd8 23. d6 Kg8 24. dxe7 Qb5 25. exd8=Q+ Kh7 26. Qdc7 Qd3
27. Qxf7 Rd8 28. Qbc7 Qb5 29. Qxg7# 1-0

[Event "Challenge"]
[Site "http://www.queenalice.com/game.php?id=312689"]
[Date "2007.11.29"]
[Round "-"]
[White "hardbreaker"]
[Black "Arthur0007"]
[Result "1-0"]
[WhiteElo "1925"]
[BlackElo "1692"]

1. e4 e6 2. d4 d5 3. Nc3 Bb4 4. e5 c5 5. a3 Bxc3+ 6. bxc3 c4 7. Qg4 g6 8. Be2 h5
9. Qg5 Qxg5 10. Bxg5 Nd7 11. Nf3 f6 12. Bf4 g5 13. Be3 g4 14. Nd2 f5 15. h3 Nh6
16. Bxh6 Rxh6 17. hxg4 fxg4 18. Bxg4 Nf8 19. Bxh5+ Kd8 20. O-O-O Nd7 21. g4 Nb6
22. g5 1-0

[Event "Challenge"]
[Site "http://www.queenalice.com/game.php?id=317221"]
[Date "2007.12.8"]
[Round "-"]
[White "Arthur0007"]
[Black "hardbreaker"]
[Result "0-1"]
[WhiteElo "1759"]
[BlackElo "1934"]

1. e4 d5 2. exd5 Nf6 3. Bb5+ Bd7 4. Bc4 g6 5. Nc3 Bg7 6. d3 Bg4 7. f3 Bd7 8.
Nge2 O-O 9. O-O Re8 10. Be3 Bc8 11. Qd2 a6 12. a4 Nbd7 13. a5 b5 14. axb6 cxb6
15. Bh6 Bxh6 16. Qxh6 Bb7 17. Ng3 b5 18. Bb3 Nc5 19. Nge4 Nxb3 20. cxb3 b4 21.
Ne2 Qxd5 22. Rfd1 Nd7 23. N2g3 Qxb3 24. Re1 Qxb2 25. d4 Qxd4+ 26. Kh1 b3 27.
Rad1 Qb4 28. h4 a5 29. Rxd7 Qxe1+ 30. Kh2 Bxe4 31. Nxe4 b2 32. Rxe7 Qxe4 0-1

[Event "Challenge"]
[Site "http://www.queenalice.com/game.php?id=317740"]
[Date "2007.12.10"]
[Round "-"]
[White "hk1960"]
[Black "hardbreaker"]
[Result "0-1"]
[WhiteElo "1079"]
[BlackElo "1943"]

1. Nf3 d5 2. d4 Nf6 3. Ne5 e6 4. Bg5 Be7 5. Nc3 O-O 6. Na4 Bd7 7. e3 Bxa4 8. b3
Bb4+ 9. c3 Bxc3+ 10. Ke2 Bb5+ 11. Kf3 Qd6 12. Bxb5 Ne4 13. Rc1 f6 14. Qd3 fxg5+
15. Ke2 Rxf2+ 16. Kd1 Rd2+ 17. Ke1 Rxd3+ 18. Ke2 Rd2+ 19. Kf3 Qf8+ 20. Kg4 Qf5+
21. Kh5 Rxg2 22. h3 Qg6+ 0-1

[Event "Challenge"]
[Site "http://www.queenalice.com/game.php?id=326375"]
[Date "2007.12.27"]
[Round "-"]
[White "hardbreaker"]
[Black "Ednilson_Aioria"]
[Result "1/2-1/2"]
[WhiteElo "1911"]
[BlackElo "2007"]

1. e4 c5 2. Nc3 Nc6 3. d3 g6 4. Nf3 Bg7 5. Be2 d6 6. O-O Nf6 7. Bg5 O-O 8. Re1
Bd7 9. a3 b6 10. Qd2 Ng4 11. Rab1 a6 12. Nd5 f6 13. Bf4 e5 14. Bg3 b5 15. Rbd1
Be6 16. h3 Nh6 17. Ne3 Rb8 18. c3 Bb3 19. Rc1 Re8 20. Bd1 Na5 21. Bc2 Qc8 22. d4
Qe6 23. Rcd1 Bxc2 24. Qxc2 cxd4 25. cxd4 Rbc8 26. Qd3 Nf7 27. d5 Qd7 28. Rc1 Bh6
29. Bh4 f5 30. Rxc8 Qxc8 31. Bf6 Bxe3 32. Qxe3 Nc4 33. Qc3 fxe4 34. Ng5 Nxg5 35.
Bxg5 Qb7 36. Rd1 Rc8 37. b3 Nb6 38. Qb4 Rc5 39. Qxe4 Rxd5 40. Re1 Kg7 41. Kh2
Qf7 42. Rc1 Rd4 43. Qc2 Nd5 44. Bd2 Qf5 45. Qb2 Kf6 46. Rc6 Nf4 47. f3 Nxg2 48.
Kxg2 Rd3 49. Kg1 Qxf3 50. Bg5+ Kxg5 51. Qg2+ Qxg2+ 1/2-1/2

[Event "Challenge"]
[Site "http://www.queenalice.com/game.php?id=327416"]
[Date "2007.12.29"]
[Round "-"]
[White "Jeh"]
[Black "hardbreaker"]
[Result "0-1"]
[WhiteElo "1074"]
[BlackElo "1945"]

1. d4 Nf6 2. Bg5 d5 3. e3 Ne4 4. Bd3 Nxg5 5. Nf3 h6 6. Nxg5 hxg5 7. Qg4 Bxg4 8.
h3 e6 9. hxg4 Rxh1+ 10. Bf1 Nc6 11. Nc3 Bb4 12. O-O-O Qf6 13. f3 e5 14. Bd3
Rxd1+ 15. Kxd1 exd4 16. Nxd5 Qd6 17. Be4 O-O-O 18. Bf5+ Kb8 19. c3 Qxd5 20. e4
Qxa2 21. cxd4 Rxd4+ 22. Kc2 Rd2+ 23. Kc1 Qa1# 0-1

[Event "Challenge"]
[Site "http://www.queenalice.com/game.php?id=389993"]
[Date "2008.4.18"]
[Round "-"]
[White "li2carpio"]
[Black "hardbreaker"]
[Result "1-0"]
[WhiteElo "1759"]
[BlackElo "1949"]

1. e4 Nf6 2. Nc3 d5 3. e5 Ne4 4. Nxe4 dxe4 5. d3 Qd4 6. Qe2 Nc6 7. Qxe4 Qxe5 8.
Nf3 Qe6 9. Ng5 Qf6 10. Be2 Nd4 11. Bd1 e5 12. O-O Bd6 13. c3 Nf5 14. f4 O-O 15.
Nf3 Rb8 16. fxe5 Qe6 17. exd6 Qxe4 18. dxe4 Nxd6 19. Bc2 Re8 20. Be3 a6 21. e5
Nc4 22. Bf4 1-0

[Event "Challenge"]
[Site "http://www.queenalice.com/game.php?id=389997"]
[Date "2008.4.18"]
[Round "-"]
[White "hardbreaker"]
[Black "bugeyewrx"]
[Result "0-1"]
[WhiteElo "1925"]
[BlackElo "1964"]

1. Nc3 d5 2. d4 Nf6 3. e4 dxe4 4. f3 exf3 5. Nxf3 c6 6. Bc4 Bf5 7. Ng5 e6 8. Bd2
Bd6 9. Nf3 h6 10. O-O O-O 11. Qe2 Bg4 12. h3 Bh5 13. a3 Re8 14. Rfe1 e5 15. Nxe5
Bxe2 0-1

[Event "Challenge"]
[Site "http://www.queenalice.com/game.php?id=420363"]
[Date "2008.6.20"]
[Round "-"]
[White "ORNELAS"]
[Black "hardbreaker"]
[Result "0-1"]
[WhiteElo "1745"]
[BlackElo "1915"]

1. b3 Nf6 2. Bb2 d5 3. Bxf6 gxf6 4. e3 Bg7 5. d4 O-O 6. g3 Bf5 7. Bg2 Na6 8. Nd2
Nb4 9. Ngf3 Bxc2 10. Qe2 Bd3 11. Qd1 Nc2+ 12. Qxc2 Bxc2 13. O-O e5 14. dxe5 fxe5
15. Rac1 Bg6 16. Rfe1 c6 17. e4 Qa5 18. exd5 cxd5 19. a4 e4 20. Nh4 Qxd2 21.
Red1 Qb2 22. Rb1 Qa2 23. h3 Rad8 24. Bf1 e3 25. fxe3 Bxb1 26. Ng2 Qxb3 27. Kh2
Qxd1 28. Nf4 Qxf1 29. Ng2 Be4 30. h4 Qxg2# 0-1